Electrónica: teoría de circuitos

Salvato in:
Dettagli Bibliografici
Autori principali: Boylestad, Robert L (Autore), Nashelsky, Louis (Autore)
Natura: Libro
Lingua:spagnolo
Pubblicazione: Ciudad de México Prentice Hall 1997
Edizione:6a. ed
Soggetti:
Tags: Aggiungi Tag
Nessun Tag, puoi essere il primo ad aggiungerne!!

MARC

LEADER 00000cam a2200000 a 4500
001 UCC4017
003 CL-VaPUC
008 180629e19970000mx |||||||||||||||||spa|d
020 |a 9688808059 
082 0 4 |a 621.381  |b BOY  |2 21 
100 0 |a Boylestad, Robert L  |e author  |9 598135 
700 0 |a Nashelsky, Louis  |e author  |9 598136 
245 1 0 |a Electrónica: teoría de circuitos 
250 |a 6a. ed 
300 |a 949 p 
942 |c BK 
945 |d 20180629 12:42:00  |a dcastane 
260 |a Ciudad de México  |b Prentice Hall  |c 1997 
650 0 |a Electrónica   |9 263192 
650 0 |a Circuitos eléctricos   |9 260262 
650 0 |a Redes eléctricas   |9 260139 
650 0 |a Electromagnetismo   |9 260123 
650 0 |a Diseño de circuitos   |9 436862 
583 |a last modification  |c 20180629 12:42:00  |k Rodrigo Vera 
999 |c 371629  |d 371627